SLEEP RELATED BREATHING DISORDERS (Record no. 216911)

MARC details
000 -LEADER
fixed length control field 00503nam a22001817a 4500
008 - FIXED-LENGTH DATA ELEMENTS--GENERAL INFORMATION
fixed length control field 260331b |||||||| |||| 00| 0 eng d
022 ## - INTERNATIONAL STANDARD SERIAL NUMBER
International Standard Serial Number 978-93-5152-420-5
050 ## - LIBRARY OF CONGRESS CALL NUMBER
Classification number RC 547 .S54 2015
100 ## - MAIN ENTRY--PERSONAL NAME
Personal name NANGIA, VIVEK.
245 ## - TITLE STATEMENT
Title SLEEP RELATED BREATHING DISORDERS
260 ## - PUBLICATION, DISTRIBUTION, ETC.
Place of publication, distribution, etc. NEW DELHI,
Name of publisher, distributor, etc. THE HEALTH SCIENCES PUBLISHER,
Date of publication, distribution, etc. 2015.
300 ## - PHYSICAL DESCRIPTION
Extent XIV,195 P, ILL
500 ## - GENERAL NOTE
General note INCLUDES INDEX
650 ## - SUBJECT ADDED ENTRY
Topical term or geographic name entry element SLEEP DISORDERS
700 ## - ADDED ENTRY--PERSONAL NAME
Personal name SWAMI, SHIVANI
942 ## - ADDED ENTRY ELEMENTS (KOHA)
Source of classification or shelving scheme Library of Congress Classification
Koha item type Long Loan Book
Holdings
Withdrawn status Lost status Source of classification or shelving scheme Damaged status Not for loan Collection Home library Current library Shelving location Date acquired Inventory number Total checkouts Full call number Barcode Date last seen Copy number Price effective from Koha item type
    Library of Congress Classification     Medicine Kisii University Library Kisii University Library On Display 03/31/2026 112703   RC 547 .S54 2015 A000268 03/31/2026 1 03/31/2026 Long Loan Book
    Library of Congress Classification     Medicine Kisii University Library Kisii University Library On Display 03/31/2026 112704   RC 547 .S54 2015 A000267 03/31/2026 2 03/31/2026 Long Loan Book
    Library of Congress Classification     Medicine Kisii University Library Kisii University Library On Display 03/31/2026 112705   RC 547 .S54 2015 A000273 03/31/2026 3 03/31/2026 Long Loan Book
    Library of Congress Classification     Medicine Kisii University Library Kisii University Library On Display 03/31/2026 112706   RC 547 .S54 2015 A000271 03/31/2026 4 03/31/2026 Long Loan Book